| 000 | 00599cam a22002171 4500 | ||
|---|---|---|---|
| 001 | ca 36001331 | ||
| 003 | DLC | ||
| 005 | 20260227111143.0 | ||
| 008 | 800714s1930 ilu 000 0 eng | ||
| 010 | _aca 36001331 | ||
| 035 | _a(OCoLC)6513668 | ||
| 040 |
_aDLC _cRPB _dRPB _dDLC |
||
| 042 | _apremarc | ||
| 050 | 0 | 0 |
_aPN4305.N6 _bC6 |
| 082 | _a791.1 | ||
| 100 | 1 |
_aConnor, John Hal, _d1896- |
|
| 245 | 1 | 0 |
_aDoughboy minstrels, _ba first part, _cby J. Hal Conners [!] |
| 260 |
_aChicago, _bThe Dramatic Publishing Company _c[c1930] |
||
| 300 |
_a19 p. _c19 cm. |
||
| 490 | 0 | _aSergel's acting drama | |
| 999 |
_c18250 _d18250 |
||